Cronistas do descobrimento (Record no. 183232)

MARC details
000 -LÍDER
campo de controle de tamanho fixo 00377 a2200169 4500
001 - NÚMERO DE CONTROLE
campo de controle 183232
020 ## - ISBN - INTERNATIONAL STANDARD BOOK NUMBER
ISBN - International Standard Book Number 978-85-08-07308-9
040 ## - FONTE DA CATALOGAÇÃO
Instituição que transcreveu o registro Magnum
100 ## - ENTRADA PRINCIPAL--NOME PESSOAL
Nome pessoal Villa, Marco Antonio
240 10 - TÍTULO UNIFORME
Título uniforme Cronistas do descobrimento
Idioma da obra por
245 10 - TÍTULO
Título Cronistas do descobrimento
300 ## - DESCRIÇÃO FÍSICA
Extensão 150
362 0# - DATAS DE PUBLICAÇÃO E/OU DESIGNAÇÃO SEQUENCIAL
Datas de publicação e/ou designação sequencial 2008
440 #1 - DECLARAÇÃO DE SÉRIE/ENTRADA ADICIONADA--TÍTULO
Título Ática
697 ## - ENTRADA DE ASSUNTO LOCAL--ENTIDADE COLETIVA (RLIN)
Nome corporativo ou nome da jurisdição LITERATURA GERAL
942 ## - ELEMENTOS DE ENTRADA ADICIONADOS (KOHA)
Tipo de material Koha Livros
Holdings
Situação do descarte Situação das perdas Situação física Não pode ser emprestado Biblioteca de origem Biblioteca atual Data de aquisição Total de empréstimos Número de chamada completo Código de barras Data de último acesso Data do preço efetivo Tipo de material Koha
        Magnum Magnum 08/06/2024   869.4.410 MAG00036367 08/06/2024 08/06/2024 Livros
        Magnum Magnum 08/06/2024   869.4.410 MAG00036368 08/06/2024 08/06/2024 Livros
        Magnum Magnum 08/06/2024   869.4.410 MAG00036369 08/06/2024 08/06/2024 Livros
        Magnum Magnum 08/06/2024   869.4.410 MAG00036370 08/06/2024 08/06/2024 Livros
        Magnum Magnum 08/06/2024   869.4.410 MAG00036371 08/06/2024 08/06/2024 Livros
        Magnum Magnum 08/06/2024   869.4.410 MAG00036372 08/06/2024 08/06/2024 Livros
        Magnum Magnum 08/06/2024   869.4.410 MAG00036373 08/06/2024 08/06/2024 Livros
        Magnum Magnum 08/06/2024   869.4.410 MAG00036374 08/06/2024 08/06/2024 Livros
        Magnum Magnum 08/06/2024   869.4.410 MAG00036375 08/06/2024 08/06/2024 Livros
        Magnum Magnum 08/06/2024   869.4.410 MAG00036376 08/06/2024 08/06/2024 Livros
        Magnum Magnum 08/06/2024   869.4.410 MAG00036377 08/06/2024 08/06/2024 Livros
        Magnum Magnum 08/06/2024   869.4.410 MAG00036378 08/06/2024 08/06/2024 Livros
        Magnum Magnum 08/06/2024   869.4.410 MAG00036379 08/06/2024 08/06/2024 Livros
        Magnum Magnum 08/06/2024   869.4.410 MAG00036380 08/06/2024 08/06/2024 Livros